| 000 | 00000nam##2200000za#4500 |
| 001 | 9.601745 |
| 003 | CaOODSP |
| 005 | 20210624210223 |
| 007 | cr ||||||||||| |
| 008 | 150406|2007||||xxc|||||o f|0| 0 fre|d |
| 022 | |a1919-3815 |
| 040 | |aCaOODSP|bfre |
| 043 | |an-cn--- |
| 086 | 1 |aFs70-7/2007-019F-PDF |
| 110 | 1 |aCanada. |bMinistère des pêches et des océans. |bRégion du golfe. |
| 245 | 10|aTaille du hareng du sud du golfe du Saint-Laurent (division 4T de l'OPANO) à 50% de maturité |h[ressource électronique] |
| 246 | 17|aRégion du Golfe : réponse des sciences, taille du hareng de 4T à 50 % de maturité |
| 260 | |aDartmouth - Nouvelle-Écosse : |bPêches et Océans Canada. |cDécembre 2007. |
| 300 | |a6p.|bgraphiques, références, tableau |
| 490 | 1 |aSecrétariat canadien de consultation scientifique - réponse des sciences |x1919-3815|v2007/019, Région du Golfe |
| 590 | |a11-22-Supp|b2011-10-13 |
| 775 | 08|tSize at 50% maturity for southern Gulf of St. Lawrence herring (NAFO 4T) |w(CaOODSP)9.571105 |
| 830 | #0|aRéponse des sciences (Secrétariat canadien de consultation scientifique)|x1919-3815|v2007/019, Région du Golfe|w(CaOODSP)9.502630 |
| 856 | 40|ahttp://publications.gc.ca|qPDF|s73 Ko|uhttps://publications.gc.ca/collections/collection_2011/mpo-dfo/Fs70-7-2007-019-fra.pdf|y2007/019, Région du Golfe |